000 00622nam a2200229Ia 4500
005 20260115174052.0
008 008 260114s9999 xx 000 0 eng d
020 _a9780511615689
037 _aEBOOK
040 _aCRL
_beng
_cCRL
041 _aeng
_2eng
084 _qCRL
100 _aScruggs
_9895854
245 0 _aSustaining Abundance
260 _bCambridge University Press
260 _bCambridge University Press
260 _c2003
650 _aPolitics and International Relations
_9895855
856 _uhttps://doi.org/10.1017/CBO9780511615689
942 _cEBOOK
999 _c1489630
_d1489630